Разработка методов получения меченных технецием-99M наноколлоидных препаратов для диагностики сторожевых лимфатических узлов: диссертация на соискание учёной степени доктора технических наук; спец. 05.11.17
| Auteur principal: | |
|---|---|
| Collectivité auteur: | |
| Autres auteurs: | |
| Résumé: | Заглавие с титульного экрана Электронная версия печатной публикации Защита сост. 18.12.2019 г. |
| Langue: | russe |
| Publié: |
Томск, 2019
|
| Sujets: | |
| Accès en ligne: | http://earchive.tpu.ru/handle/11683/55974 |
| Format: | MixedMaterials Électronique Livre |
| KOHA link: | https://koha.lib.tpu.ru/cgi-bin/koha/opac-detail.pl?biblionumber=343417 |
MARC
| LEADER | 00000nlm0a2200000 4500 | ||
|---|---|---|---|
| 001 | 343417 | ||
| 005 | 20231102005545.0 | ||
| 035 | |a (RuTPU)RU\TPU\book\373647 | ||
| 035 | |a RU\TPU\book\373646 | ||
| 090 | |a 343417 | ||
| 100 | |a 20190923d2019 k y0rusy50 ca | ||
| 101 | 0 | |a rus | |
| 102 | |a RU | ||
| 105 | |a a m 000zy | ||
| 135 | |a drcn ---uucaa | ||
| 181 | 0 | |a i | |
| 182 | 0 | |a b | |
| 200 | 1 | |a Разработка методов получения меченных технецием-99M наноколлоидных препаратов для диагностики сторожевых лимфатических узлов |b Электронный ресурс |e диссертация на соискание учёной степени доктора технических наук |e спец. 05.11.17 |f Н. В. Варламова |g Национальный исследовательский Томский политехнический университет ; науч. конс. В. С. Скуридин | |
| 203 | |a Текст |c электронный | ||
| 210 | |a Томск |d 2019 | ||
| 215 | |a 1 файл (4 427) | ||
| 230 | |a Электронные текстовые данные (1 файл : 4 427) | ||
| 300 | |a Заглавие с титульного экрана | ||
| 300 | |a Электронная версия печатной публикации | ||
| 300 | |a Защита сост. 18.12.2019 г. | ||
| 606 | 1 | |a Коллоидные системы |x (химия) |2 stltpush |3 (RuTPU)RU\TPU\subj\70859 |9 85028 | |
| 606 | 1 | |a Лимфатические узлы |2 stltpush |3 (RuTPU)RU\TPU\subj\78803 |9 87875 | |
| 610 | 1 | |a электронный ресурс | |
| 610 | 1 | |a труды учёных ТПУ | |
| 610 | 1 | |a диссертации | |
| 610 | 1 | |a технеций-99м | |
| 610 | 1 | |a наноколлоидные препараты | |
| 610 | 1 | |a диагностика | |
| 610 | 1 | |a онкологические заболевания | |
| 610 | 1 | |a ядерная медицина | |
| 610 | 1 | |a лимфатическая система | |
| 610 | 1 | |a наноколлоиды | |
| 610 | 1 | |a лимфосцинтиграфия | |
| 610 | 1 | |a радиофармпрепараты | |
| 610 | 1 | |a растворы | |
| 610 | 1 | |a реагенты | |
| 610 | 1 | |a наноразмерные порошки | |
| 675 | |a 544.77(04) |v 4 | ||
| 675 | |a 616.4(04) |v 4 | ||
| 686 | |a 05.11.17 |2 oksvnk | ||
| 700 | 1 | |a Варламова |b Н. В. |c биохимик |c научный сотрудник Томского политехнического университета, кандидат биологических наук |f 1975- |g Наталья Валерьевна |2 stltpush |3 (RuTPU)RU\TPU\pers\29637 | |
| 702 | 1 | |a Скуридин |b В. С. |c физик, специалист в области атомной энергетики |c профессор Томского политехнического университета, доктор технических наук |f 1946- |g Виктор Сергеевич |2 stltpush |3 (RuTPU)RU\TPU\pers\27551 |4 695 | |
| 712 | 0 | 2 | |a Национальный исследовательский Томский политехнический университет |b Физико-технический институт |b Лаборатория № 31 ядерного реактора |h 6471 |2 stltpush |3 (RuTPU)RU\TPU\col\20054 |
| 801 | 2 | |a RU |b 63413507 |c 20191002 |g RCR | |
| 856 | 4 | |u http://earchive.tpu.ru/handle/11683/55974 | |
| 942 | |c CF | ||